Countries with a Cold Subtropical Highland Climate - Statistics

General Stats
  • This quiz has been taken 146 times
  • The average score is 10 of 12
Answer Stats
Country % Correct
Argentina
98%
Peru
98%
Bolivia
97%
Chile
97%
Ecuador
93%
Colombia
91%
China
90%
Tanzania
86%
South Africa
84%
Costa Rica
75%
Ethiopia
75%
Taiwan
53%
No matching quizzes found
Score Distribution
Percent of People with Each Score
Percentile by Number Answered
Your Score History
You have not taken this quiz